EL ESPIRITU DE DIOS EN LA SANTA LITURGIA /

TRADUCCION DE: L'ESPRIT DE DIEU DANS LA SAINTE LITURGIE

שמור ב:
מידע ביבליוגרפי
מחבר ראשי: Lefebvre, Gaspar (autor)
פורמט: ספר
סדרה:YO SE-YO CREO; 107
נושאים:
תגים: הוספת תג
אין תגיות, היה/י הראשונ/ה לתייג את הרשומה!

MARC

LEADER 00000nam^a2200000^a^4500
001 000231258
005 20250521000000.0
009 20260310104513.905
035 |a 051956 
037 |a Acervo Xavier Clavigero 
082 |a 264. LEF 
100 |a Lefebvre, Gaspar  |e (autor) 
245 1 3 |a EL ESPIRITU DE DIOS EN LA SANTA LITURGIA /  |c GASPAR LEFEBVRE; TR. A. SEGARRA 
264 |a Andorra la Vieja, Andorra :  |b Casal i Vall,  |c 1960 
300 |a 151p. 
336 |a texto  |b txt  |2 rdacontenido 
337 |a sin mediación  |b n  |2 rdamedio 
338 |a volumen  |b nc  |2 rdasoporte 
440 |a YO SE-YO CREO;  |v 107 
520 |a TRADUCCION DE: L'ESPRIT DE DIEU DANS LA SAINTE LITURGIE 
520 |a INCLUYE BIBLIOGRAFIA 
649 |a XX 
650 |a Liturgia 
650 |a Año Litúrgico 
650 |a Espíritu Santo 
910 |a Fondo General 
920 |a Impresos - Libros 
930 |a Colección General 
905 |a 101 
901 |a 051956  |b IT1  |c ACC  |i 051956  |u 20250521 
901 |a 051943  |b IT1  |c ACC  |i 051943  |u 20250521 
901 |a 051946  |b IT1  |c ACC  |i 051946  |u 20250521 
902 |a https://opac.biblio.iteso.mx/vufind/Record/000231258